Prof.Dr. İbrahim Yasa'ya armağan (Record no. 1213)

MARC details
000 -BAŞLIK
Sabit Uzunlukta Kontrol Alanı 00965na a2200289 4500
001 - KONTROL NUMARASI
Denetim Alanı 14896
003 - KONTROL NUMARASI IDENTIFIER
Denetim Alanı MIRAKIL
005 - SON İŞLEM TARİHİ VE ZAMANI
Denetim Alanı 20181213154815.0
008 - SABİT-BOY VERİ ELEMANLARI - GENEL BİLGİLER
Sabit Uzunlukta Kontrol Alanı 161020b tu 000 0
035 ## - SİSTEM KONTROL NUMARASI
Sistem Kontrol Numarası 14896
040 ## - KATALOGLAMA KAYNAK
Orijinal Kataloglama Ajansı Milas
Kataloglama Dili tur
Metne Dönüştürmek Ajansı TR-AnCHP
041 ## - DİL KODU
Metin / Ses Parça Veya Ayrı Başlığın Dil Kodu tur
082 ## - DEWEY ONLU SINIFLANDIRMA NUMARASI
Sınıflandırma Numarası 923.9 Yasa,İ.
Ürün Numarası İ16 1983
090 ## - SINIFLAMA NUMARASI
Sınıflama Numarası 923.9 Yasa,İ. İ16 1983
222 ## - ANAHTAR ADI
Anahtar Başlık İbrahim Yasa'ya armağan
245 ## - BAŞLIK TABLOSU
Başlık Prof.Dr. İbrahim Yasa'ya armağan
Sorumluluk Tablosu, Vb Ankara Üniversitesi Siyasal Bilgiler Fakültesi
260 ## - YAYIN, DAĞITIM, VB
Yayın, Dağıtım, Vb Yeri Ankara
Yayıncı, Dağıtıcı, Vs Adı A.Ü.S.B.F.Yayınları
Yayın, Dağıtım, Vb Tarihi 1983
300 ## - FİZİKSEL TANIM
Kapsam 409 s.
Diğer Fiziksel Ayrıntıları res.; tbl.
Boyutlar 24 sm.
490 ## - SERİSİ TABLOSU
Seri Beyanı A.Ü.S.B.F.Yayınları
Hacim / Ardışık Tanımı 519
504 ## - KAYNAKÇA VB NOT
Kaynakça Vb Notu Kaynakça sayfa altlarındadır.
600 ## - KONU KATMA GİRİŞ - KURUMSAL ADI
Kişisel Ad Yasa,İbrahim
Genel Alt Bölümü Armağan kitaplar
600 ## - KONU KATMA GİRİŞ - KURUMSAL ADI
Kişisel Ad Yasa,İbrahim
Başlıklar Ve Bir Adla İlişkili Diğer Kelimeler Prof.Dr.
Bir Adıyla İlişkilendirilen Tarihler 1906-1993
650 ## - KONU KATMA GİRİŞ - TOPİKAL DÖNEM
Topikal Süreli Veya Coğrafi Ad Giriş Elemanı Bilim insanları
Genel Alt Bölümü Sosyoloji
Coğrafi Alt Bölümü Türkiye
650 ## - KONU KATMA GİRİŞ - TOPİKAL DÖNEM
Topikal Süreli Veya Coğrafi Ad Giriş Elemanı Sosyoloji
Genel Alt Bölümü Köy sosyolojisi
Coğrafi Alt Bölümü Türkiye
710 ## - KATMA GİRİŞ - KURUMSAL ADI
Giriş Elemanı Olarak Kurumsal Ad Veya Yargı Alanı Adı Ankara Üniversitesi Siyasal Bilgiler Fakültesi
942 ## - EKLENDİ GİRİŞ ELEMANLARI (KOHA)
Sınıflandırma Veya Raf Düzeni Kaynak
Koha Öğesi Türü Books
999 ## - SİSTEM KONTROL NUMARALARI (KOHA)
Koha Biblionumber 1213
Koha Biblioitemnumber 1213
Holdings
Kalıcı Konum Mevcut Konum Edinme Tarihi Edinim Kaynak Toplam Check-Out'Lar Tam Çağrı Numarası Barkod Tarih Son Görülme İtibaren Geçerli Fiyatlar Koha Öğesi Türü
CHP Kütüphanesi CHP Kütüphanesi 09/02/2016 Bağış   923.9 Yasa,İ. İ16 1983 003201 09/02/2016 09/02/2016 Books